000 00269nam a2200109Ia 4500
100 _aDuthie/Andrew G
942 _cBK
654 _aASP.NET
245 _aMicrosoft ASP.NET programming with microsoft visual Basic C.NET
260 _bPearson Education
546 _aENGLISH
999 _c34313
_d34313